[Event "Frome op 32nd"]
[Site "Frome"]
[Date "2023.05.14"]
[Round "5"]
[White "Ogunshola, Ben"]
[Black "Arkell, Keith C"]
[Result "0-1"]
[WhiteElo "2127"]
[BlackElo "2390"]
[PlyCount "188"]
[EventDate "2023.05.12"]
[EventType "swiss"]
[EventRounds "5"]
[EventCountry "ENG"]
[SourceTitle "EXT 2024"]
[Source "ChessBase"]
[SourceDate "2023.10.10"]
[SourceVersion "1"]
[SourceVersionDate "2023.10.10"]
[SourceQuality "1"]

1. c4 c5 2. Nc3 g6 3. g3 Bg7 4. Bg2 Nf6 5. e4 Nc6 6. Nge2 d6 7. h3 0-0 8. 0-0 Rb8 9. d4 cxd4 10. Nxd4 Nxd4 11. Qxd4 a6 12. Be3 Ng4 13. Qd2 Nxe3 14. Qxe3 Be6 15. b3 b5 16. cxb5 axb5 17. Rac1 Qa5 18. Nd5 Bxd5 19. exd5 Bf6 20. Rc2 Qb6 21. Qxb6 Rxb6 22. Rd1 Ra8 23. Bf1 b4 24. h4 Rb7 25. Kg2 Rba7 26. Rc4 Rxa2 27. Rxb4 Rb2 28. Ra4 Rb8 29. Bc4 Bc3 30. Ra7 Kf8 31. Rd3 Bb4 32. Rf3 Bc5 33. Ra4 h5 34. Ra6 Kg7 35. Ra5 Rb7 36. Ra4 Rd2 37. Ra6 Rb8 38. Ra4 f6 39. Ra1 Rb7 40. Ra5 Kf7 41. Ra4 Ra7 42. Rxa7 Bxa7 43. Kf1 Bc5 44. Be2 Kg7 45. Bc4 g5 46. hxg5 fxg5 47. Kg2 g4 48. Rf5 Kg6 49. Rf4 Kg5 50. Rf7 Bd4 51. Kf1 Rb2 52. Rf8 Kg6 53. Rf4 Bc5 54. Bd3+ Kg5 55. Rf5+ Kh6 56. Bc4 Kg6 57. Rf4 Kg5 58. Rf7 Rd2 59. Ke1 Ra2 60. Kf1 Rb2 61. Ke1 Bd4 62. Kf1 Bf6 63. Rh7 Ra2 64. Kg2 Rd2 65. Rf7 Kg6 66. Rf8 Kg7 67. Re8 Kf7 68. Ra8 Bd4 69. Bb5 Rxf2+ 70. Kh1 Kg7 71. Re8 Bf6 72. Bd7 Rf3 73. Kg2 Rxb3 74. Be6 Be5 75. Rxe7+ Kg6 76. Rc7 Rxg3+ 77. Kf2 h4 78. Rc4 Kg5 79. Re4 Rf3+ 80. Kg2 h3+ 81. Kg1 h2+ 82. Kg2 Rg3+ 83. Kxh2 Re3+ 84. Rxe5+ Rxe5 85. Kg3 Re3+ 86. Kf2 Rxe6 87. dxe6 Kf6 88. Kg3 Kxe6 89. Kxg4 Ke5 90. Kf3 Kd4 91. Ke2 Kc3 92. Kd1 d5 93. Ke2 d4 94. Kd1 Kd3 0-1

[Event "BCF-chT 2122 (4NCL)"]
[Site "England"]
[Date "2022.04.30"]
[Round "7.123"]
[White "Ogunshola, Ben"]
[Black "Walker, Martin Graham"]
[Result "0-1"]
[WhiteElo "2148"]
[BlackElo "2222"]
[PlyCount "102"]
[EventDate "2021.11.27"]
[EventType "team-swiss"]
[EventRounds "11"]
[EventCountry "ENG"]
[SourceTitle "EXT 2023"]
[Source "ChessBase"]
[SourceDate "2022.10.05"]
[SourceVersion "1"]
[SourceVersionDate "2022.10.05"]
[SourceQuality "1"]
[WhiteTeam "Check Innmates"]
[BlackTeam "Anglian Avengers"]
[WhiteTeamCountry "ENG"]
[BlackTeamCountry "ENG"]

1. c4 Nf6 2. g3 e5 3. Nc3 Nc6 4. Bg2 Bc5 5. Nf3 0-0 6. 0-0 d6 7. d3 h6 8. e4 Be6 9. Bd2 Nd4 10. Nd5 Nxd5 11. Nxd4 Bxd4 12. cxd5 Bd7 13. Bc3 Bb6 14. Kh1 c6 15. dxc6 Bxc6 16. f4 Qe7 17. Qh5 f6 18. Rae1 Qf7 19. Qxf7+ Rxf7 20. h4 Rd8 21. Kh2 Re7 22. Bf3 Bb5 23. Rd1 Rc7 24. Rfe1 Kf7 25. Rd2 a5 26. Bd1 a4 27. d4 exd4 28. Bxd4 Ba5 29. Bc3 Bxc3 30. bxc3 Rxc3 31. Rb2 Bc6 32. Rb4 Ra3 33. Re2 Re8 34. Rd4 f5 35. e5 dxe5 36. fxe5 Bb5 37. Rf2 Rxe5 38. g4 Bc6 39. Rdf4 Re1 40. Rxf5+ Ke6 41. Bf3 Bxf3 42. R5xf3 Rxf3 43. Rxf3 Re2+ 44. Kg3 Rxa2 45. Re3+ Kd5 46. Re7 Rb2 47. Rxg7 a3 48. Rg8 Rb6 49. Rd8+ Kc4 50. Rd1 a2 51. Ra1 Kb3 0-1

[Event "BCF-chT 2122 (4NCL)"]
[Site "England"]
[Date "2022.03.26"]
[Round "5.123"]
[White "Ogunshola, Ben"]
[Black "Hilton, Tim"]
[Result "1-0"]
[WhiteElo "2148"]
[BlackElo "1881"]
[PlyCount "53"]
[EventDate "2021.11.27"]
[EventType "team-swiss"]
[EventRounds "11"]
[EventCountry "ENG"]
[SourceTitle "EXT 2023"]
[Source "ChessBase"]
[SourceDate "2022.10.05"]
[SourceVersion "1"]
[SourceVersionDate "2022.10.05"]
[SourceQuality "1"]
[WhiteTeam "Check Innmates"]
[BlackTeam "Manchester Manticores"]
[WhiteTeamCountry "ENG"]
[BlackTeamCountry "ENG"]

1. c4 f5 2. Nc3 Nf6 3. g3 d6 4. Bg2 e5 5. d4 Be7 6. Bg5 c6 7. e3 0-0 8. Nge2 Be6 9. d5 Bf7 10. Bxf6 Bxf6 11. 0-0 Qd7 12. e4 Bg6 13. Bh3 Na6 14. dxc6 bxc6 15. exf5 Bxf5 16. Bxf5 Qxf5 17. Qxd6 Rac8 18. Qa3 Nc7 19. Qxa7 Ne6 20. Qe3 Ng5 21. f3 Be7 22. Kg2 Qh3+ 23. Kh1 Qf5 24. f4 exf4 25. Rxf4 Qd7 26. Rd1 Qb7 27. h4 1-0

[Event "London Classic op 11th"]
[Site "London"]
[Date "2019.12.03"]
[Round "6"]
[White "Ogunshola, Ben"]
[Black "Royal, Shreyas"]
[Result "0-1"]
[WhiteElo "2169"]
[BlackElo "1941"]
[PlyCount "48"]
[EventDate "2019.11.29"]
[EventType "swiss"]
[EventRounds "9"]
[EventCountry "ENG"]
[SourceTitle "CBM 193 Extra"]
[Source "ChessBase"]
[SourceDate "2020.01.31"]
[SourceVersion "1"]
[SourceVersionDate "2020.01.31"]
[SourceQuality "1"]

1. c4 e6 2. Nf3 d5 3. e3 Nf6 4. b3 Nbd7 5. Bb2 Be7 6. Be2 dxc4 7. bxc4 b6 8. 0-0 Bb7 9. Qc2 0-0 10. d3 c5 11. Ne1 Qc7 12. Nc3 a6 13. f4 e5 14. f5 e4 15. dxe4 Bd6 16. Nf3 Ng4 17. e5 Ndxe5 18. Nd5 Bxd5 19. cxd5 Nxe3 20. Qe4 Nxf1 21. Nxe5 Rfe8 22. f6 Bxe5 23. Qg4 g6 24. Bxe5 Qxe5 0-1

[Event "BCF-chT4S 1920 (4NCL)"]
[Site "England"]
[Date "2019.11.10"]
[Round "2.61"]
[White "Foley, John P"]
[Black "Ogunshola, Ben"]
[Result "0-1"]
[WhiteElo "1967"]
[BlackElo "2163"]
[PlyCount "120"]
[EventDate "2019.11.09"]
[EventType "team-swiss"]
[EventRounds "11"]
[EventCountry "ENG"]
[SourceTitle "EXT 2022"]
[Source "ChessBase"]
[SourceDate "2021.10.06"]
[SourceVersion "1"]
[SourceVersionDate "2021.10.06"]
[SourceQuality "1"]
[WhiteTeam "CSC II"]
[BlackTeam "The Pitstop"]
[WhiteTeamCountry "ENG"]
[BlackTeamCountry "ENG"]

1. d4 Nf6 2. Nf3 g6 3. Bf4 Bg7 4. Nc3 d5 5. e3 0-0 6. h3 a6 7. Be2 c5 8. 0-0 b6 9. Ne5 Bb7 10. Bf3 Nbd7 11. dxc5 Nxc5 12. Qd2 e6 13. Rfd1 Qe7 14. a4 Rac8 15. Bg5 h6 16. Bh4 Rfd8 17. Qe1 g5 18. Bg3 Nfd7 19. Nxd7 Nxd7 20. Ra3 Nc5 21. Rd2 f5 22. Qd1 Bf6 23. Bh2 Qg7 24. g4 Ne4 25. Nxe4 fxe4 26. Bg2 Bxb2 27. Rb3 Bc3 28. Rxc3 Rxc3 29. Bxe4 Ra3 30. Rd4 Rc8 31. Bg2 Rc4 32. Bf1 Rcxa4 33. c4 Ra1 34. Qb3 Rxc4 35. Rxc4 dxc4 36. Qxc4 Bd5 37. Qc8+ Qf8 38. Qc3 Qf3 39. Qc8+ Kf7 40. Qd7+ Kg6 41. Qe8+ Qf7 42. Qc8 Be4 43. Be5 Rd1 44. Qc4 Bb1 45. Qb3 Qd7 46. Bd4 Rc1 47. Qb2 Re1 48. Qd2 Rxf1+ 49. Kxf1 Be4 50. f3 Qf7 51. f4 Qd7 52. Qb2 b5 53. Qa2 gxf4 54. exf4 Bd3+ 55. Ke1 Qxd4 56. Qxe6+ Kh7 57. Qe7+ Qg7 58. Qd6 Qc3+ 59. Kf2 Qd2+ 60. Kg3 Qe1+ 0-1

[Event "GBR-ch 106th"]
[Site "Torquay"]
[Date "2019.08.03"]
[Round "8"]
[White "Ogunshola, Ben"]
[Black "Bradbury, Neil H"]
[Result "0-1"]
[WhiteElo "2172"]
[BlackElo "2322"]
[PlyCount "168"]
[EventDate "2019.07.27"]
[EventType "swiss"]
[EventRounds "9"]
[EventCountry "ENG"]
[SourceTitle "CBM 191 Extra"]
[Source "ChessBase"]
[SourceDate "2019.09.30"]
[SourceVersion "1"]
[SourceVersionDate "2019.09.30"]
[SourceQuality "1"]

1. c4 e5 2. Nf3 Nc6 3. Nc3 Nf6 4. g3 Bb4 5. Bg2 0-0 6. 0-0 e4 7. Ng5 Bxc3 8. bxc3 Re8 9. d3 exd3 10. exd3 d6 11. Rb1 Ne5 12. Ne4 Bg4 13. f3 Nxe4 14. dxe4 Be6 15. Rxb7 Bxc4 16. Rf2 Qc8 17. Rb1 Qa6 18. Be3 Rab8 19. Bf1 Bxf1 20. Qxf1 Qxf1+ 21. Rfxf1 c5 22. Kf2 f6 23. Bf4 Nc4 24. Rb3 Rb6 25. Ke2 Ra6 26. Kd3 Ra4 27. Rb7 g5 28. Bc1 Ne5+ 29. Kc2 Rxa2+ 30. Kb1 Ra6 31. Kc2 Ra2+ 32. Kb1 Ra6 33. Kc2 Ng6 34. h4 gxh4 35. gxh4 Re7 36. Rb8+ Kf7 37. h5 Ne5 38. Bf4 Rb6 39. Bxe5 fxe5 40. Ra8 Kg7 41. Rg1+ Kf6 42. h6 Rbb7 43. Kd3 Rf7 44. Re8 Rbe7 45. Reg8 Ke6 46. Ke3 a5 47. Ra1 Ra7 48. Re8+ Rfe7 49. Rg8 a4 50. Kd3 Rf7 51. Ke3 a3 52. Rg2 Ra4 53. Rga2 Rfa7 54. Kd3 Rf7 55. Ke3 Rf6 56. Rxa3 Rxa3 57. Rxa3 Rxh6 58. Ra8 Rf6 59. Rh8 Rf7 60. Ra8 Rd7 61. Rf8 Rf7 62. Ra8 Rb7 63. Rh8 Kf6 64. Rd8 Rb6 65. f4 exf4+ 66. Kxf4 Ke6 67. Re8+ Kf6 68. Rf8+ Kg7 69. Rd8 h5 70. Kg5 Kf7 71. Kxh5 Ke7 72. Ra8 Rb3 73. Kg5 Ke6 74. Kf4 Rxc3 75. Rh8 Rd3 76. Rh6+ Kd7 77. e5 d5 78. Rh7+ Kc6 79. Rh6+ Kb5 80. Rd6 d4 81. Ke4 Re3+ 82. Kd5 d3 83. Rd8 d2 84. Ke6 Re2 0-1

[Event "GBR-ch 106th"]
[Site "Torquay"]
[Date "2019.07.30"]
[Round "4"]
[White "Storey, Charles"]
[Black "Ogunshola, Ben"]
[Result "1-0"]
[WhiteElo "2261"]
[BlackElo "2172"]
[PlyCount "72"]
[EventDate "2019.07.27"]
[EventType "swiss"]
[EventRounds "9"]
[EventCountry "ENG"]
[SourceTitle "CBM 191 Extra"]
[Source "ChessBase"]
[SourceDate "2019.09.30"]
[SourceVersion "1"]
[SourceVersionDate "2019.09.30"]
[SourceQuality "1"]

1. d4 Nf6 2. Bg5 e6 3. Nf3 c5 4. c3 Nc6 5. e3 Qb6 6. Qc2 Be7 7. Nbd2 d5 8. Bd3 h6 9. Bh4 Bd7 10. 0-0 Rc8 11. Qb1 0-0 12. Kh1 Rfe8 13. h3 cxd4 14. exd4 Na5 15. b4 Nc4 16. Bxc4 dxc4 17. Ne5 Ba4 18. Bxf6 gxf6 19. Ng4 Kg7 20. f4 f5 21. Ne3 Rg8 22. Qe1 Bf6 23. Qe2 Qa6 24. Qh5 Rc7 25. Kh2 b6 26. g4 Bxd4 27. cxd4 c3 28. g5 hxg5 29. Qxg5+ Kf8 30. Qd8+ Be8 31. Qd6+ Re7 32. Ndc4 Qb7 33. d5 exd5 34. Qh6+ Rg7 35. Rg1 f6 36. Qh8+ Kf7 1-0

[Event "Basingstoke 4NCL Spring Bank 2nd"]
[Site "Basingstoke"]
[Date "2019.05.25"]
[Round "2"]
[White "Ogunshola, Ben"]
[Black "Eggleston, David"]
[Result "0-1"]
[WhiteElo "2184"]
[BlackElo "2397"]
[PlyCount "66"]
[EventDate "2019.05.24"]
[EventType "swiss"]
[EventRounds "7"]
[EventCountry "ENG"]
[SourceTitle "CBM 190 Extra"]
[Source "ChessBase"]
[SourceDate "2019.07.15"]
[SourceVersion "1"]
[SourceVersionDate "2019.07.15"]
[SourceQuality "1"]

1. c4 Nf6 2. Nf3 b6 3. g3 Bb7 4. Bg2 e6 5. 0-0 Be7 6. Nc3 0-0 7. b3 d5 8. cxd5 exd5 9. d4 Nbd7 10. Bb2 Re8 11. Rc1 Bf8 12. Qc2 a6 13. Rfd1 g6 14. Ne5 c6 15. e4 Bh6 16. f4 Nf8 17. Bf3 b5 18. exd5 cxd5 19. Qg2 Rc8 20. Nd3 Ne6 21. Nb4 Bg7 22. Ncxd5 Rxc1 23. Rxc1 Nxd5 24. Bxd5 Nxd4 25. Kf1 Bxd5 26. Qxd5 Qe7 27. Bxd4 Qe2+ 28. Kg1 Qd2 29. Bxg7 Qxc1+ 30. Kg2 Re2+ 31. Kh3 Qf1+ 32. Kg4 Kxg7 33. h3 Qa1 0-1

[Event "Basingstoke 4NCL Spring Bank 2nd"]
[Site "Basingstoke"]
[Date "2019.05.24"]
[Round "1"]
[White "Goh, Zi Han"]
[Black "Ogunshola, Ben"]
[Result "0-1"]
[WhiteElo "1912"]
[BlackElo "2184"]
[PlyCount "92"]
[EventDate "2019.05.24"]
[EventType "swiss"]
[EventRounds "7"]
[EventCountry "ENG"]
[SourceTitle "CBM 190 Extra"]
[Source "ChessBase"]
[SourceDate "2019.07.15"]
[SourceVersion "1"]
[SourceVersionDate "2019.07.15"]
[SourceQuality "1"]

1. d4 g6 2. c4 f5 3. g3 Nf6 4. Bg2 Bg7 5. Nf3 d6 6. 0-0 0-0 7. Nc3 e6 8. Qc2 Nc6 9. Rd1 Qe7 10. a3 e5 11. dxe5 Nxe5 12. Nd5 Nxf3+ 13. Bxf3 Qf7 14. Be3 Ng4 15. Bf4 Be6 16. Rac1 h6 17. h4 Rad8 18. b3 Ne5 19. Bg2 c6 20. Nb4 a5 21. Nd3 a4 22. Bxe5 axb3 23. Qxb3 dxe5 24. Nc5 Bc8 25. Kh2 Qe7 26. Qb6 e4 27. e3 Be5 28. Nb3 Qxh4+ 29. Kg1 Qe7 30. a4 Bc7 31. Qa7 Qb4 32. Nd4 Bb6 33. Qa8 Qe7 34. Qb8 Bc7 35. Qa7 h5 36. Ne2 h4 37. Nf4 hxg3 38. Nxg6 gxf2+ 39. Kxf2 Qg5 40. Nxf8 Qh4+ 41. Kf1 Rxf8 42. Qd4 f4 43. Qxe4 fxe3+ 44. Ke2 Qf2+ 45. Kd3 Bf5 46. Rg1 Qd2# 0-1

[Event "BCF-chT4S 1819 (4NCL)"]
[Site "England"]
[Date "2019.04.13"]
[Round "7.101"]
[White "Ogunshola, Ben"]
[Black "Bin Suhayl, Ieysaa"]
[Result "0-1"]
[WhiteElo "2193"]
[BlackElo "2110"]
[PlyCount "108"]
[EventDate "2018.11.17"]
[EventType "team-swiss"]
[EventRounds "11"]
[EventCountry "ENG"]
[SourceTitle "EXT 2021"]
[Source "ChessBase"]
[SourceDate "2020.10.23"]
[SourceVersion "1"]
[SourceVersionDate "2020.10.23"]
[SourceQuality "1"]
[WhiteTeam "The Pitstop"]
[BlackTeam "Rook & Roll"]
[WhiteTeamCountry "ENG"]
[BlackTeamCountry "ENG"]

1. c4 Nf6 2. Nf3 c5 3. g3 Nc6 4. Bg2 d6 5. Nc3 g6 6. b3 Bg7 7. Bb2 0-0 8. 0-0 Bd7 9. e3 Qa5 10. Qe2 Rab8 11. d3 a6 12. a4 Qb6 13. Rfb1 Rfe8 14. Qd2 Bf5 15. Na2 e5 16. Ng5 h6 17. e4 Bd7 18. Nf3 Qc7 19. Nc3 Nd4 20. Nxd4 exd4 21. Ne2 b5 22. axb5 axb5 23. Bc1 Bc6 24. Rb2 Rb6 25. Rba2 Reb8 26. Ra7 R8b7 27. R7a6 bxc4 28. bxc4 Nd7 29. Qc2 Rxa6 30. Rxa6 Ra7 31. Rxa7 Qxa7 32. Bh3 Ne5 33. f4 Ba4 34. Qb1 Nc6 35. Bd2 Nb4 36. Bxb4 Qb6 37. f5 g5 38. f6 Bh8 39. Qf1 cxb4 40. Qf5 Qd8 41. Nxd4 Bxf6 42. Nb5 b3 43. d4 b2 44. e5 dxe5 45. d5 Bxb5 46. cxb5 Qc7 47. Bf1 Qc1 48. Qxf6 b1Q 49. Kg2 Qe4+ 50. Kh3 g4+ 51. Kh4 Qg5+ 52. Qxg5+ hxg5+ 53. Kh5 Qb1 54. Be2 Qg6+ 0-1